LEADER 01226nam a2200277 i 4500 001 000000137990 003 CaOOAMICUS 005 20060918000000.0 008 060918s1966 it u000 u ita u 013 $a111885 040 $aSeMil$bita 100 1 $aGobetti, Piero,$d<1901-1926>.$0(OLS)http://semarc/name/11508 245 12$aL'editore ideale /$cPiero Gobetti ; frammenti autobiografici con iconografia a cura e con prefazione di Franco Antonicelli. 260 $aMilano :$bAll'insegna del pesce d'oro,$c1966. 300 $a97 p., [15] c. di tav. ;$c18 cm. 490 0 $aLa primula rossa ;$v6 500 $aContiene : Bibliografia. - Fondo Ciprandi. 650 4$aGobetti, Piero <1901-1926> - Diari e memorie.$0(OLS)http://semarc/subject/27143 700 1 $aAntonicelli, Franco,$d<1902-1974>.$0(OLS)http://semarc/name/8848 830 3$aLa primula rossa ;$v6.$0(OLS)http://semarc/title/21315 850 $aSeMil 852 $aSeMil$W1$xVenegono$y1$m1C I 182$j91501$B91501$CSeMilBibl$Z2$F114435 $81 941 1 $a1 961 $aOmaggio: Ciprandi dott. Paolo 996 $6245$aL'editore ideale$9(OLS)http://semarc/title/201660 996 $6260$aMilano :$bAll'insegna del pesce d'oro$9(OLS)http://semarc/publisher/29752 LEADER 01657nam a2200277 4500 001 000000359343 003 CaOOAMICUS 005 20240813080049.0 008 240813s1811 it a 000 u ita r 026 $ealle e.a. lopo zaee (C) 1811 (R) 040 $aSeMil$bita 100 1 $aAppiani, Andrea,$d<1754-1817>.$0(OLS)http://semarc/name/91720 245 10$aDescrizione del dipinto a buon fresco eseguito nella reale villa di Milano dal sig. cavaliere Andrea Appiani primo pittore di S.M.I. e R. 264 1$aParma :$bCo' tipi Bodoniani,$c1811 [i.e. 1812] 300 $aXI, [1] p. ;$cfol. 500 $aEd. stampata nei primi mesi del 1812 su carta velina, vedi Brooks, n. 1095 ; De Lama, v. 2, p. 194-195 500 $aSegn.: [1]? (Ultima p. bianca) 500 $aPer l'A., Luigi Lamberti, vedi G. Melzi, Dizionario di opere anonime e pseudonime. Milano, Pirola, 1848, v. 1, p. 283 ; La collezione bodoniana / Biblioteca Angelica ; catalogo a cura di A. Palaia e L. Moscatelli. Roma, 1987, p. 91 500 $aIn calce al testo: Estratto dal n. XXXVI del Poligrafo milanese 700 11$aLamberti, Luigi,$d<1759-1813>.$0(OLS)http://semarc/name/11203 700 1 $aBodoni, Giambattista,$c.$0(OLS)http://semarc/name/90151 850 $aSeMil 852 $aSeMil$W1$xVenegono$y1$m3X IX 17 FA$j250256$B250417$CSeMilBibl$Z2$F250417 $8I 996 $6245$aDescrizione del dipinto a buon fresco eseguito nella reale villa di Milano dal sig. cavaliere Andrea Appiani primo pittore di S.M.I. e R.$9(OLS)http://semarc/title/449802 996 $6264$aParma :$bCo' tipi Bodoniani$9(OLS)http://semarc/publisher/59707